Physical Asset Management
Na minha lista:
| Autor principal: | |
|---|---|
| Formato: | Livro |
| Idioma: | inglês |
| Publicado em: |
Reliability Press,
2013
|
| Edição: | 4. vyd. |
| Assuntos: | |
| Tags: |
Sem tags, seja o primeiro a adicionar uma tag!
|
MARC
| LEADER | 00000nam a22000003a 4500 | ||
|---|---|---|---|
| 001 | stu284220 | ||
| 005 | 20150617230251.1 | ||
| 008 | 140217s2013------------------------eng-d | ||
| 020 | |a 978-0-9853619-3-8 | ||
| 040 | |a STU |b slo | ||
| 041 | 0 | |a eng | |
| 100 | 1 | |a Mitchell, John S. |4 aut | |
| 245 | 1 | |a Physical Asset Management | |
| 250 | |a 4. vyd. | ||
| 260 | |b Reliability Press, |c 2013 | ||
| 300 | |a 425 s | ||
| 650 | 7 | |a fyzikálna chémia |2 stusub | |
| 996 | |b 284J042050 |c J*116562 |l JJ0040 |s P |a 0 |w stu284220_0001 | ||